Stati per Precipitazioni medie annue - Statistics

Statistiche generali
  • Questo quiz è stato fatto 7 volte
  • Il punteggio medio è 6 su 10
Statistiche sulle risposte
Precipitazioni medie annue (mm) Continente Nazione % Corretto
3 240 America del Sud Colombia
100%
2 926 America del Nord Costa Rica
80%
2 928 America del Nord Panama
80%
3 200 Oceania Tuvalu
80%
3 028 Oceania Isole Salomone
60%
2 880 Oceania Samoa
60%
2 722 Asia Brunei
40%
2 875 Asia Malaysia
40%
3 142 Oceania Papua Nuova Guinea
40%
3 200 Africa São Tomé e Príncipe
20%
Nessun quiz corrispondente trovato
Distribuzione punteggi
Percentuale di utenti per punteggio
Percentile per numero di risposta
I tuoi punteggi nel tempo
Non hai fatto questo quiz